=LDR 00000nam 2200000 4500 =001 INLIS000000000029084 =005 20130612131338 =008 ***********************************Ind** =035 ##$$0010-061300000029084 =041 ##$$a Ind =082 ##$$a 616.132 =090 ##$$a 616.132, Yul t =100 ##$$a Yulianti, Sufrida =245 ##$$a 30 ramuan penakluk hipertensi, Sufrida Yulianti =260 ##$$a 2006 $b Jakarta =300 ##$$a vi, 72 hlm, ilus, 23 cm =650 ##$$a Hipertensi =850 ##$$a NBPNMAT